Kids, drugs, and crime /

Bibliographic Details
Other Authors: Carpenter, Cheryl Jan
Format: Book
Language:English
Published: Lexington, Mass. : Lexington Books, [1988]
Subjects:

MARC

Tag First Indicator Second Indicator Subfields
LEADER 00000cam a2200000 a 4500
001 in00000023707
005 20151007054312.0
008 870616s1988 mau b 00100 eng
010 |a  86045634  
020 |a 0669140988 (alk. paper) 
035 |a (OCoLC)16129504 
035 |9 AAB4625AM 
040 |a DLC  |c DLC  |d TXA  |d UtOrBLW 
043 |a n-us--- 
049 |a TXAM  |c [A11502169] 
050 0 0 |a HV5824.Y68  |b K52 1988 
082 0 |a 364.3/6/0973  |2 19 
245 0 0 |a Kids, drugs, and crime /  |c Cheryl Carpenter [and others]. 
264 1 |a Lexington, Mass. :  |b Lexington Books,  |c [1988] 
264 4 |c ©1988 
300 |a vi, 244 pages ;  |c 24 cm. 
336 |a text  |b txt  |2 rdacontent 
337 |a unmediated  |b n  |2 rdamedia 
338 |a volume  |b nc  |2 rdacarrier 
504 |a Bibliography: pages [225]-236. 
500 |a Includes index. 
650 0 |a Youth  |z United States  |x Drug use. 
650 0 |a Drug abuse and crime  |z United States. 
650 0 |a Juvenile delinquency  |z United States. 
700 1 |a Carpenter, Cheryl Jan. 
999 |a MARS 
999 f f |s b5ca3b84-4f64-3cac-93eb-fc45f302d490  |i e77d1088-1c1c-348e-860b-5f81b924d358  |t 0 
952 f f |p ric  |a Texas A&M University  |b Rellis Campus  |c Joint Library Facility  |d Remote Storage  |t 0  |e HV5824.Y68 K52 1988  |h Library of Congress classification  |i unmediated -- volume  |m A14811502169 
998 f f |a HV5824.Y68 K52 1988  |t 0  |l Remote Storage